| 000 | 01010pam a2200229 a 4500 | ||
|---|---|---|---|
| 005 | 20160331142856.0 | ||
| 008 | 921029s1994 dcua b f001 0 eng | ||
| 020 | _a1560982551 (alk. paper) | ||
| 040 |
_aDLC _cDLC _dDLC _dCo-BoIAvH |
||
| 041 | 1 | _aeng | |
| 082 | 1 | 0 |
_a595.182 _bM23n |
| 100 | 1 | _aMalakhov, V. V. | |
| 245 | 1 | 0 |
_aNematodes : _bstructure, development, classification, and phylogeny / _cV.V. Malakhov ; traducido por George V. Bentz ; editado por W. Duane Hope. |
| 260 |
_aWashington : _bSmithsonian Institution Press, _cc1994. |
||
| 300 |
_axiii, 286 páginas : _bilustraciones ; _c23 centímetros. |
||
| 504 | _aIncluye referencias bibliográficas (p. 254-281) e índices. | ||
| 650 | 1 | 0 | _aNematodes. |
| 650 | 2 | 0 |
_aNematodes _vclasificación. |
| 700 | 1 |
_aHope, W. Duane, _d1935- _eeditor |
|
| 942 |
_2ddc _cLIBRO |
||
| 999 |
_c1587 _d1587 |
||